| 000 | 00579nam a2200169Ia 4500 | ||
|---|---|---|---|
| 003 | GCL | ||
| 008 | 140319s9999 xx 000 0 ara d | ||
| 040 |
_aGCL / _cGCL |
||
| 082 | 0 | 4 |
_aم _b922.6 _bس ح |
| 100 | 1 | _aسامى مكارم | |
| 245 | 1 | 0 |
_aالحلاج: فى ماوراء المعنى والخط واللون / _cسامى مكارم |
| 260 |
_a[S.N] : _bرياض الريس للكتب والنشر ، _c1989 |
||
| 300 | _a143 ص | ||
| 650 | 0 | 4 | _aالتصوف الاسلامى |
| 650 | 0 | 4 | _aالحلاج : أبومغيث الحسين بن منصور |
| 942 |
_2ddc _cREF |
||
| 999 |
_c59211 _d59211 |
||